[Event "SVK-chT1W 1819"]
[Site "Slovakia"]
[Date "2019.02.23"]
[Round "8.4"]
[White "Balogh, Tomas"]
[Black "Chlpik, Martin"]
[Result "1/2-1/2"]
[WhiteElo "2324"]
[BlackElo "2208"]
[PlyCount "24"]
[EventDate "2018.10.27"]
[EventType "team-tourn"]
[EventRounds "11"]
[EventCountry "SVK"]
[SourceTitle "CBM 189 Extra"]
[Source "ChessBase"]
[SourceDate "2019.06.03"]
[SourceVersion "1"]
[SourceVersionDate "2019.06.03"]
[SourceQuality "1"]
[WhiteTeam "Bratislava Lokomotiva"]
[BlackTeam "Sala Slovan Duslo"]
[WhiteTeamCountry "SVK"]
[BlackTeamCountry "SVK"]

1. d4 Nf6 2. Nf3 c5 3. e3 g6 4. Nbd2 Bg7 5. dxc5 Qa5 6. a3 Qxc5 7. b4 Qc7 8. Bb2 0-0 9. Bd3 Nc6 10. 0-0 d5 11. c4 e5 12. cxd5 Nxd5 1/2-1/2

[Event "SVK-chT1W 1718"]
[Site "Slovakia"]
[Date "2017.11.04"]
[Round "3.3"]
[White "Balogh, Tomas"]
[Black "Janko, Michal"]
[Result "1/2-1/2"]
[WhiteElo "2327"]
[BlackElo "2261"]
[PlyCount "63"]
[EventDate "2017.10.21"]
[EventType "team-tourn"]
[EventRounds "11"]
[EventCountry "SVK"]
[SourceTitle "CBM 181 Extra"]
[Source "ChessBase"]
[SourceDate "2017.12.12"]
[SourceVersion "1"]
[SourceVersionDate "2017.12.12"]
[SourceQuality "1"]
[WhiteTeam "Bratislava Lokomotiva"]
[BlackTeam "Gabcikovo Russel"]
[WhiteTeamCountry "SVK"]
[BlackTeamCountry "SVK"]

1. Nf3 Nf6 2. g3 g6 3. Bg2 Bg7 4. c4 0-0 5. Nc3 d6 6. 0-0 e5 7. d4 Nbd7 8. h3 exd4 9. Nxd4 Nb6 10. b3 d5 11. c5 Nbd7 12. c6 Ne5 13. cxb7 Bxb7 14. Ba3 Re8 15. Na4 Ne4 16. Nc5 Nxc5 17. Bxc5 Nd7 18. Rc1 Rc8 19. e3 c6 20. Qc2 Nxc5 21. Qxc5 Qb6 22. b4 Bf8 23. Qxb6 axb6 24. b5 c5 25. Nc6 Bxc6 26. bxc6 Rxc6 27. Bxd5 Rd6 28. Rfd1 Red8 29. Bb3 Bg7 30. Rxd6 Rxd6 31. Rd1 Rxd1+ 32. Bxd1 1/2-1/2

[Event "SVK-chT1W 1516"]
[Site "Slovakia"]
[Date "2016.02.20"]
[Round "8.2"]
[White "Balogh, Tomas"]
[Black "Straka, Jozef1111"]
[Result "1/2-1/2"]
[WhiteElo "2344"]
[BlackElo "2285"]
[PlyCount "43"]
[EventDate "2015.10.24"]
[EventType "team-tourn"]
[EventRounds "11"]
[EventCountry "SVK"]
[SourceTitle "EXT 2017"]
[Source "ChessBase"]
[SourceDate "2016.10.25"]
[SourceVersion "1"]
[SourceVersionDate "2016.10.25"]
[SourceQuality "1"]
[WhiteTeam "Bratislava Lokomotiva"]
[BlackTeam "Povazska Bystrica"]
[WhiteTeamCountry "SVK"]
[BlackTeamCountry "SVK"]

1. d4 d5 2. Nf3 Nf6 3. Bg5 e6 4. e3 Be7 5. c4 0-0 6. Nc3 Nbd7 7. Qc2 c6 8. Bd3 dxc4 9. Bxc4 Nd5 10. Bxe7 Qxe7 11. 0-0 Nxc3 12. Qxc3 b6 13. Rfd1 Bb7 14. Rac1 Rfd8 15. Be2 Rac8 16. b4 h6 17. Qb2 Ra8 18. Rd2 a5 19. b5 c5 20. Rcd1 Rac8 21. dxc5 Nxc5 22. Rxd8+ 1/2-1/2

[Event "SVK-chT2B 1516"]
[Site "Slovakia"]
[Date "2016.01.24"]
[Round "7.6"]
[White "Balogh, Tomas"]
[Black "Beres, Dominik"]
[Result "1-0"]
[WhiteElo "2335"]
[BlackElo "2104"]
[PlyCount "91"]
[EventDate "2015.10.17"]
[EventType "team-tourn"]
[EventRounds "11"]
[EventCountry "SVK"]
[SourceTitle "EXT 2019"]
[Source "ChessBase"]
[SourceDate "2018.10.10"]
[SourceVersion "1"]
[SourceVersionDate "2018.10.10"]
[SourceQuality "1"]
[WhiteTeam "Podhajska Termal"]
[BlackTeam "Tlmace NSK"]
[WhiteTeamCountry "SVK"]
[BlackTeamCountry "SVK"]

1. d4 Nf6 2. Nf3 g6 3. Bf4 Bg7 4. h3 0-0 5. e3 d6 6. c3 Nbd7 7. Be2 Re8 8. 0-0 c6 9. a4 a5 10. Bh2 Ne4 11. Qb3 e5 12. Rd1 Qf6 13. Nbd2 Nxd2 14. Nxd2 d5 15. Bg4 Qd8 16. Bxd7 Bxd7 17. Bxe5 Bxe5 18. dxe5 Rxe5 19. Qxb7 Rb8 20. Qa7 Re7 21. Qc5 Rxb2 22. Rab1 Rxb1 23. Rxb1 Re8 24. Rb7 Qc8 25. Qa7 Be6 26. Nf3 Qd8 27. Nd4 Qf6 28. Rb8 Rxb8 29. Qxb8+ Kg7 30. Qc7 Bf5 31. Qxa5 Be4 32. f3 Bd3 33. Qc7 Bc4 34. Nxc6 Qxc3 35. Qe5+ Qxe5 36. Nxe5 Ba6 37. Nd7 Bb7 38. Kf2 f5 39. Nc5 Bc6 40. Ke2 Kf7 41. Kd3 Ke7 42. Kd4 Kd6 43. h4 h5 44. g3 Ba8 45. Nd3 Bc6 46. a5 1-0

[Event "SVK-chT1W 1516"]
[Site "Slovakia"]
[Date "2015.11.14"]
[Round "3.1"]
[White "Gazik, Viktor"]
[Black "Balogh, Tomas"]
[Result "1-0"]
[WhiteElo "2432"]
[BlackElo "2344"]
[PlyCount "67"]
[EventDate "2015.10.24"]
[EventType "team-tourn"]
[EventRounds "11"]
[EventCountry "SVK"]
[SourceTitle "CBM 170 Extra"]
[Source "ChessBase"]
[SourceDate "2016.02.25"]
[SourceVersion "1"]
[SourceVersionDate "2016.02.25"]
[SourceQuality "1"]
[WhiteTeam "Prievidza"]
[BlackTeam "Bratislava Lokomotiva"]
[WhiteTeamCountry "SVK"]
[BlackTeamCountry "SVK"]

1. f4 d5 2. Nf3 g6 3. g3 Bg7 4. Bg2 Nh6 5. 0-0 c5 6. Nc3 Nc6 7. d3 Rb8 8. e4 dxe4 9. dxe4 Qxd1 10. Nxd1 b6 11. c3 0-0 12. h3 f6 13. Ne3 Nf7 14. Re1 Ba6 15. h4 Nd6 16. Nd5 e6 17. Nc7 Bc8 18. Bh3 e5 19. Bf1 Rb7 20. Nb5 Nf7 21. Bc4 Kh8 22. Bd5 Nfd8 23. Be3 Re7 24. Kg2 exf4 25. Bxf4 Ne5 26. Nxe5 fxe5 27. Bg5 Bf6 28. Rf1 Kg7 29. Be3 Ba6 30. a4 Rd7 31. Rad1 Bb7 32. Bxb7 Rxb7 33. Rxf6 Kxf6 34. Bg5+ 1-0

[Event "SVK-chT2B 1516"]
[Site "Slovakia"]
[Date "2015.10.18"]
[Round "2.3"]
[White "Szegi, Tamas"]
[Black "Balogh, Tomas"]
[Result "1/2-1/2"]
[WhiteElo "2138"]
[BlackElo "2344"]
[PlyCount "66"]
[EventDate "2015.10.17"]
[EventType "team-tourn"]
[EventRounds "11"]
[EventCountry "SVK"]
[SourceTitle "EXT 2019"]
[Source "ChessBase"]
[SourceDate "2018.10.10"]
[SourceVersion "1"]
[SourceVersionDate "2018.10.10"]
[SourceQuality "1"]
[WhiteTeam "Batorove Kosihy"]
[BlackTeam "Podhajska Termal"]
[WhiteTeamCountry "SVK"]
[BlackTeamCountry "SVK"]

1. e4 c6 2. d4 d5 3. e5 c5 4. dxc5 e6 5. Be3 Nd7 6. Bb5 Qc7 7. Nc3 Ne7 8. Nf3 Nf5 9. b4 a6 10. Bd3 Nxe3 11. fxe3 b6 12. 0-0 bxc5 13. e4 cxb4 14. exd5 bxc3 15. dxe6 fxe6 16. Ng5 Nxe5 17. Bxh7 g6 18. Rf6 Be7 19. Rxg6 Bxg5 20. Qh5 Be3+ 21. Kh1 Nxg6 22. Bxg6+ Ke7 23. Qxh8 Bb7 24. Qh4+ Kd7 25. Rf1 Bxg2+ 26. Kxg2 Qc6+ 27. Be4 Rg8+ 28. Kh1 Qc4 29. Rb1 Rg7 30. Rd1+ Bd2 31. Rb1 Be3 32. Rd1+ Bd2 33. Rb1 Be3 1/2-1/2

[Event "SVK-chT2B 10/11"]
[Site "Slovakia"]
[Date "2011.01.08"]
[Round "5.3"]
[White "Balogh, Tomas"]
[Black "Cvicela, Anton"]
[Result "1-0"]
[WhiteElo "2345"]
[BlackElo "2191"]
[PlyCount "89"]
[EventDate "2010.10.23"]
[EventType "team-tourn"]
[EventRounds "11"]
[EventCountry "SVK"]
[SourceTitle "EXT 2019"]
[Source "ChessBase"]
[SourceDate "2018.10.10"]
[SourceVersion "1"]
[SourceVersionDate "2018.10.10"]
[SourceQuality "1"]
[WhiteTeam "Nove Zamky Basta II"]
[BlackTeam "Surany Lokomotiva"]
[WhiteTeamCountry "SVK"]
[BlackTeamCountry "SVK"]

1. Nf3 d5 2. g3 Nf6 3. Bg2 e6 4. 0-0 c5 5. d3 b6 6. Nbd2 Bb7 7. e4 dxe4 8. Ng5 Be7 9. Ndxe4 Nc6 10. Nxf6+ Bxf6 11. Ne4 0-0 12. a3 Rb8 13. Rb1 Be7 14. Bd2 e5 15. Bc3 Nd4 16. Bxd4 Qxd4 17. Nd2 f5 18. Qe2 Bf6 19. c3 Qd7 20. Bxb7 Qxb7 21. Nc4 Qc7 22. Ne3 Qd7 23. Qf3 Rbd8 24. Qxf5 Qxf5 25. Nxf5 Rxd3 26. Rfd1 Rfd8 27. Rxd3 Rxd3 28. Kf1 Kf7 29. Ke2 c4 30. Ne3 b5 31. a4 a6 32. axb5 axb5 33. Ra1 e4 34. Ra7+ Ke6 35. Rb7 Bg5 36. Rb6+ Kd7 37. Rxb5 Bxe3 38. fxe3 Kd6 39. Rb6+ Kc5 40. Re6 Rd7 41. Re5+ Kd6 42. Rxe4 Rb7 43. Rd4+ Ke5 44. h4 Rxb2+ 45. Kf3 1-0

[Event "SVK-chT2B 0910"]
[Site "Slovakia"]
[Date "2010.02.27"]
[Round "10"]
[White "Balogh, Tomas"]
[Black "Srvatka, Igor"]
[Result "1/2-1/2"]
[WhiteElo "2350"]
[BlackElo "2167"]
[PlyCount "86"]
[EventDate "2009.10.10"]
[EventType "team"]
[EventRounds "11"]
[EventCountry "SVK"]
[SourceTitle "EXT 2011"]
[Source "ChessBase"]
[SourceDate "2010.11.26"]
[SourceVersion "1"]
[SourceVersionDate "2010.11.26"]
[SourceQuality "1"]
[WhiteTeam "Nove Zamky Basta II"]
[BlackTeam "Bystrica SKS II"]
[WhiteTeamCountry "SVK"]
[BlackTeamCountry "SVK"]

1. d4 Nf6 2. Nf3 g6 3. g3 Bg7 4. Bg2 0-0 5. 0-0 d6 6. c4 Nc6 7. d5 Na5 8. Nfd2 c5 9. Nc3 a6 10. Qc2 Rb8 11. b3 b5 12. Rb1 Bd7 13. Bb2 Qc8 14. Ba1 Bh3 15. Qd3 Bxg2 16. Kxg2 Nd7 17. f4 bxc4 18. bxc4 Rb4 19. a3 Rxb1 20. Rxb1 Qc7 21. Qc2 Rb8 22. Rxb8+ Nxb8 23. Bb2 Qb7 24. Nd1 Bxb2 25. Nxb2 Nd7 26. e4 Nf6 27. Qc3 Qc7 28. h3 Nb7 29. e5 Nd7 30. Nd3 dxe5 31. fxe5 e6 32. Ne4 Qb6 33. Ndf2 Qb1 34. dxe6 fxe6 35. Qf3 Nd8 36. Nf6+ Nxf6 37. Qxf6 Qb7+ 38. Kh2 Nf7 39. h4 Qb2 40. Kg2 Qxe5 41. Qf3 Kg7 42. Qb7 Qd6 43. Ne4 Qd3 1/2-1/2

[Event "SVK-chT1W 0910"]
[Site "Slovakia"]
[Date "2010.01.16"]
[Round "6.1"]
[White "Balogh, Tomas"]
[Black "Federic, Jozef"]
[Result "1/2-1/2"]
[WhiteElo "2350"]
[BlackElo "2262"]
[PlyCount "31"]
[EventDate "2009.10.17"]
[EventType "team"]
[EventRounds "11"]
[EventCountry "SVK"]
[SourceTitle "EXT 2011"]
[Source "ChessBase"]
[SourceDate "2010.11.26"]
[SourceVersion "1"]
[SourceVersionDate "2010.11.26"]
[SourceQuality "1"]
[WhiteTeam "Galanta"]
[BlackTeam "Modra"]
[WhiteTeamCountry "SVK"]
[BlackTeamCountry "SVK"]

1. d4 d5 2. Nf3 Nf6 3. e3 e6 4. c4 c6 5. Nbd2 Nbd7 6. Bd3 Bd6 7. 0-0 0-0 8. e4 e5 9. cxd5 cxd5 10. exd5 exd4 11. Nxd4 Ne5 12. Be2 Nxd5 13. Ne4 Be7 14. Qb3 Nf6 15. Nxf6+ Bxf6 16. Rd1 1/2-1/2

[Event "SVK-chT1W 0809"]
[Site "Slovakia"]
[Date "2009.02.07"]
[Round "8.6"]
[White "Banas, Jan"]
[Black "Balogh, Tomas"]
[Result "1/2-1/2"]
[WhiteElo "2356"]
[BlackElo "2369"]
[PlyCount "27"]
[EventDate "2008.10.18"]
[EventType "team-tourn"]
[EventRounds "11"]
[EventCountry "SVK"]
[SourceTitle "EXT 2010"]
[Source "ChessBase"]
[SourceDate "2010.11.25"]
[SourceVersion "1"]
[SourceVersionDate "2010.11.25"]
[SourceQuality "1"]
[WhiteTeam "Senica SK"]
[BlackTeam "Galanta"]
[WhiteTeamCountry "SVK"]
[BlackTeamCountry "SVK"]

1. c4 Nf6 2. Nc3 g6 3. g3 d5 4. cxd5 Nxd5 5. Bg2 Nxc3 6. bxc3 Bg7 7. Rb1 c6 8. Nf3 0-0 9. 0-0 e5 10. Qc2 e4 11. Nd4 Re8 12. Bb2 Qe7 13. c4 Nd7 14. Bc3 1/2-1/2

[Event "HUN-chT 0809"]
[Site "Hungary"]
[Date "2008.11.30"]
[Round "3"]
[White "Balogh, Tomas"]
[Black "Karolyi, Tibor Jr"]
[Result "1/2-1/2"]
[WhiteElo "2369"]
[BlackElo "2363"]
[PlyCount "24"]
[EventDate "2008.10.26"]
[EventType "team-tourn"]
[EventRounds "11"]
[EventCountry "HUN"]
[SourceTitle "EXT 2010"]
[Source "ChessBase"]
[SourceDate "2010.11.25"]
[SourceVersion "1"]
[SourceVersionDate "2010.11.25"]
[SourceQuality "1"]
[WhiteTeam "Haladas"]
[BlackTeam "MLTC"]
[WhiteTeamCountry "HUN"]
[BlackTeamCountry "HUN"]

1. d4 f5 2. c4 Nf6 3. g3 g6 4. Bg2 Bg7 5. Nc3 0-0 6. Nh3 Nc6 7. 0-0 d6 8. d5 Ne5 9. b3 c5 10. Bb2 a6 11. Nf4 Rb8 12. a4 Ne8 1/2-1/2

[Event "SVK-chT2A 0708"]
[Site "Slovakia"]
[Date "2008.03.09"]
[Round "11.2"]
[White "Maslikova, Veronika"]
[Black "Balogh, Tomas"]
[Result "1/2-1/2"]
[WhiteElo "2191"]
[BlackElo "2362"]
[PlyCount "32"]
[EventDate "2007.10.06"]
[EventType "team-tourn"]
[EventRounds "11"]
[EventCountry "SVK"]
[SourceTitle "EXT 2010"]
[Source "ChessBase"]
[SourceDate "2010.11.25"]
[SourceVersion "1"]
[SourceVersionDate "2010.11.25"]
[SourceQuality "1"]
[WhiteTeam "Bratislava Doprastav IV"]
[BlackTeam "Galanta"]
[WhiteTeamCountry "SVK"]
[BlackTeamCountry "SVK"]

1. e4 c6 2. d4 d5 3. exd5 cxd5 4. Bd3 Nc6 5. c3 g6 6. Nf3 Bf5 7. Qc2 e6 8. 0-0 Bg7 9. Re1 Nge7 10. Bf4 Rc8 11. Qd2 0-0 12. Na3 Bxd3 13. Qxd3 a6 14. Nc2 Nf5 15. Ne3 Nxe3 16. Qxe3 Re8 1/2-1/2

[Event "SVK-chT2A 0708"]
[Site "Slovakia"]
[Date "2008.02.02"]
[Round "8.2"]
[White "Hrivnak, Martin"]
[Black "Balogh, Tomas"]
[Result "0-1"]
[WhiteElo "2190"]
[BlackElo "2362"]
[PlyCount "80"]
[EventDate "2007.10.06"]
[EventType "team-tourn"]
[EventRounds "11"]
[EventCountry "SVK"]
[SourceTitle "EXT 2010"]
[Source "ChessBase"]
[SourceDate "2010.11.25"]
[SourceVersion "1"]
[SourceVersionDate "2010.11.25"]
[SourceQuality "1"]
[WhiteTeam "Bratislava Slavia STU"]
[BlackTeam "Galanta"]
[WhiteTeamCountry "SVK"]
[BlackTeamCountry "SVK"]

1. Nf3 d5 2. c4 c6 3. d4 Nf6 4. e3 Bf5 5. Bd3 Bxd3 6. Qxd3 a6 7. Ne5 e6 8. 0-0 Nbd7 9. Nxd7 Qxd7 10. Nc3 b5 11. c5 Be7 12. f4 0-0 13. Bd2 Ne8 14. f5 exf5 15. Rxf5 g6 16. Rf3 f5 17. Be1 Ng7 18. Bg3 Ne6 19. Be5 Rae8 20. Raf1 Ng5 21. Rg3 Ne4 22. Rh3 Bxc5 23. Ne2 Bd6 24. Nf4 Bxe5 25. dxe5 Rxe5 26. Qa3 Rfe8 27. Qxa6 Nd2 28. Rc1 Rc8 29. Nd3 Ree8 30. Qb6 Nc4 31. Qd4 Qg7 32. b3 Nxe3 33. Qb6 Ng4 34. a4 bxa4 35. bxa4 c5 36. Qb2 c4 37. Qxg7+ Kxg7 38. Nb4 d4 39. a5 d3 40. Rd1 Rc5 0-1

[Event "SVK-chT 0708"]
[Site "Slovakia"]
[Date "2008.01.19"]
[Round "6"]
[White "Berek, Geza"]
[Black "Balogh, Tomas"]
[Result "0-1"]
[WhiteElo "2169"]
[BlackElo "2362"]
[PlyCount "86"]
[EventDate "2007.10.20"]
[EventType "team-tourn"]
[EventRounds "11"]
[EventCountry "SVK"]
[SourceTitle "EXT 2019"]
[Source "ChessBase"]
[SourceDate "2018.10.10"]
[SourceVersion "1"]
[SourceVersionDate "2018.10.10"]
[SourceQuality "1"]
[WhiteTeam "Nove Zamky Basta"]
[BlackTeam "Komarno"]
[WhiteTeamCountry "SVK"]
[BlackTeamCountry "SVK"]

1. e4 c6 2. d4 d5 3. exd5 cxd5 4. Bd3 Nc6 5. c3 g6 6. Bf4 Bg7 7. Nf3 Bf5 8. 0-0 e6 9. Re1 Nge7 10. h3 Qb6 11. Bxf5 gxf5 12. Qb3 Ng6 13. Qxb6 axb6 14. Bc7 Ra6 15. Ne5 Bxe5 16. Bxe5 Ncxe5 17. dxe5 Nf4 18. Kh2 Rg8 19. g3 Nd3 20. Re2 Nc1 21. Re1 Nb3 22. Na3 Nxa1 23. Rxa1 Ra4 24. Nb5 Ke7 25. f3 f4 26. gxf4 Rxf4 27. Nd4 Rg5 28. a4 Rxe5 29. Kg3 Rxd4 30. cxd4 Re2 31. a5 Rxb2 32. a6 bxa6 33. Rxa6 Kf6 34. Ra7 b5 35. Kf4 Rb3 36. Rb7 b4 37. Rb8 Rb1 38. Rb7 b3 39. Rb8 b2 40. Rb7 Kg6 41. Rb8 Kh5 42. Rb7 h6 43. Rb8 Kh4 0-1